The services and inmates' condition in provincial rehabilitation center of Matti, Davao del Sure/ (Record no. 13802)
[ view plain ]
| 000 -LEADER | |
|---|---|
| fixed length control field | 00801nam a22002057a 4500 |
| 003 - CONTROL NUMBER IDENTIFIER | |
| control field | OSt |
| 005 - DATE AND TIME OF LATEST TRANSACTION | |
| control field | 20190417111048.0 |
| 008 - FIXED-LENGTH DATA ELEMENTS--GENERAL INFORMATION | |
| fixed length control field | 190417b ||||| |||| 00| 0 eng d |
| 040 ## - CATALOGING SOURCE | |
| Transcribing agency | UMDC |
| Modifying agency | |
| 082 ## - DEWEY DECIMAL CLASSIFICATION NUMBER | |
| Edition number | 2008 |
| Classification number | UT 1227 |
| Item number | Ul1 |
| 100 ## - MAIN ENTRY--PERSONAL NAME | |
| Personal name | Ulan-ulan, Alberto N., Ang, May Theresa C., and Maquiona, Ellen Fe C. |
| 9 (RLIN) | 38353 |
| 245 ## - TITLE STATEMENT | |
| Title | The services and inmates' condition in provincial rehabilitation center of Matti, Davao del Sure/ |
| Remainder of title | |
| Statement of responsibility, etc. | Alberto N. Ulan-ulan, May Theresa C. Ang, and Ellen Fe C. Maquiona |
| 260 ## - PUBLICATION, DISTRIBUTION, ETC. (IMPRINT) | |
| Place of publication, distribution, etc. | Digos City: |
| Name of publisher, distributor, etc. | UMDC |
| Date of publication, distribution, etc. | October 2008 |
| 300 ## - PHYSICAL DESCRIPTION | |
| Extent | 47 pages. |
| Dimensions | 30 cm. |
| 690 ## - LOCAL SUBJECT ADDED ENTRY--TOPICAL TERM (OCLC, RLIN) | |
| Topical term or geographic name as entry element | AB |
| Form subdivision | Political Science |
| General subdivision | Undergraduate thesis. |
| 9 (RLIN) | 38351 |
| 700 ## - ADDED ENTRY--PERSONAL NAME | |
| Personal name | Ulan-ulan, Alberto N. |
| 9 (RLIN) | 5723 |
| 700 ## - ADDED ENTRY--PERSONAL NAME | |
| Personal name | Ang, May Theresa C |
| 9 (RLIN) | 38354 |
| 700 ## - ADDED ENTRY--PERSONAL NAME | |
| Personal name | Maquiona, Ellen Fe C. |
| 9 (RLIN) | 5726 |
| 942 ## - ADDED ENTRY ELEMENTS (KOHA) | |
| Source of classification or shelving scheme | Dewey Decimal Classification |
| Koha item type | Undergraduate Thesis |
| Withdrawn status | Lost status | Source of classification or shelving scheme | Damaged status | Not for loan | Collection code | Home library | Current library | Date acquired | Total Checkouts | Full call number | Barcode | Date last seen | Price effective from | Koha item type |
|---|---|---|---|---|---|---|---|---|---|---|---|---|---|---|
| Dewey Decimal Classification | Undergraduate Theses | UM Digos College - LIC | UM Digos College - LIC | 03/26/2019 | UT 1227 Ul1 | UT 1227 | 04/17/2019 | 04/17/2019 | Undergraduate Thesis |
